Μάρκετινγκ: Εστιάστε στις Προβληματοκεντρικές Πωλήσεις (Record no. 9551)
[ view plain ]
| 000 -LEADER | |
|---|---|
| fixed length control field | 01902cam a22001814a 4500 |
| 005 - ΗΜΕΡΟΜΗΝΙΑ ΚΑΙ ΩΡΑ ΤΕΛΕΥΤΑΙΑΣ ΕΝΗΜΕΡΩΣΗΣ | |
| Πεδίο ελέγχου | 20250605164403.0 |
| 008 - FIXED-LENGTH DATA ELEMENTS--GENERAL INFORMATION | |
| Πεδίο ελέγχου σταθερού μήκους | 250528s ||||||||||||||||||||||||d |
| 035 ## - SYSTEM CONTROL NUMBER | |
| System control number | 24684 |
| 040 ## - ΠΗΓΗ ΚΑΤΑΛΟΓΟΓΡΑΦΗΣΗΣ | |
| Φορέας πρωτότυπης καταλογογράφησης | MC Athens Campus Library |
| Γλώσσα καταλογογράφησης | Ελληνικά, Μοντέρνα (1453-) |
| Modifying agency | MC Athens Campus Library |
| Κανόνες περιγραφικής καταλογογράφησης | AACR2 |
| 245 1# - ΤΙΤΛΟΣ ΚΑΙ ΔΗΛΩΣΗ ΥΠΕΥΘΥΝΟΤΗΤΑΣ | |
| Τίτλος | Μάρκετινγκ: Εστιάστε στις Προβληματοκεντρικές Πωλήσεις |
| 260 ## - PUBLICATION, DISTRIBUTION, ETC. | |
| Name of publisher, distributor, etc. | Δελτίον Διοικήσεως Επιχειρήσεων, |
| Date of publication, distribution, etc. | 2019 |
| 300 ## - PHYSICAL DESCRIPTION | |
| Extent | 96 |
| 520 ## - SUMMARY, ETC. | |
| Summary, etc. | Η Συνταγή Προστασίας από τους 'Μαύρους Κύκνους', Το Digital Reporting από τις Εισηγμένες Εταιρείες και ο Ρόλος των Ορκοτών Ελεγκτών Λογιστών, Η Ζωή είναι Μάρκετινγκ Δηλώνει στη Huffpost ο Γκουρού του Μάρκετινγκ Φίλιπ Κότλερ, Παρελθόν τα Capital Controls από τη Χώρα, ALPHA BANK: Τρεις Λόγοι για τη Βελτίωση του Οικονομικού Κλίματος στην Ελλάδα, SCOPE RATINGS: Η Ανάπτυξη θα Φέρει Μείωση του Ελληνικού Χρέους, HSBC: Η Πολιτική Αβεβαιότητα Προβληματίζει τους Επενδυτές, ΤτΕ: Μείωση Καταθέσεων στις Ελληνικές Τράπεζες τον Ιούλιο, Δείκτης Τιμών Παραγωγού στη Βιομηχανία: Αύγουστος 2019 και Ετήσια Μείωση 2,6%, ΕΕ: Στο 53% ο Ελληνόκτητος Στόλος της Ε.Ε, ΕΑΕΕ: Στο 53% ο Ελληνόκτητος Στόλος της Ε.Ε., Τα Νέα των Βιομηχανικών και Εμπορικών Επιχειρήσεων. |
| 700 1# - ΠΡΟΣΘΕΤΗ ΑΝΑΓΡΑΦΗ--ΦΥΣΙΚΟ ΠΡΟΣΩΠΟ | |
| Personal name | Παπαμιχαλάκης Ιωάννης Ν |
| 9 (RLIN) | 9495 |
| 942 ## - ADDED ENTRY ELEMENTS (KOHA) | |
| Koha item type | Περιοδικά Δημοσιεύματα |
| Τύπος τεκμηρίου | Βιβλιοθήκη | Τρέχουσα τοποθεσία | Barcode | Ημερομηνία απόκτησης | Ταξιθετικό σύμβολο | Αριθμός αντιτύπου | Αρίθμηση σειρών / χρονολογία | Κατάσταση απόσυρσης | Κατάσταση χαμένου | Κατάσταση κατεστραμμένου | Μη δανεισμός | Σύνολο δανεισμών | Ημερομηνία τελευταίας εμφάνισης | Η τιμή ισχύει από |
|---|---|---|---|---|---|---|---|---|---|---|---|---|---|---|
| Περιοδικά Δημοσιεύματα | MC Athens Campus Library | MC Athens Campus Library | 9780000095503 | 05/06/2025 | ΔΕΛΤΙΟΝ ΔΙΟΙΚΗΣΗ ΕΠΙΧΕΙΡΗΣΕΩΝ | 1 | 437 | 05/06/2025 | 05/06/2025 |